| 000 | 00683nam a22002057a 4500 | ||
|---|---|---|---|
| 008 | 160927b xxu||||| |||| 00| 0 eng d | ||
| 020 | _a0321015983 | ||
| 020 | _a9780321015983 | ||
| 050 |
_aHF 5691 _b.S26 1998 |
||
| 100 | _aSalzman, Stanley A. | ||
| 245 |
_aMathematics for business/ _cStanley A. Salzman,Charles D. Miller and Gary Clendenen. |
||
| 250 | _a6th ed. | ||
| 260 |
_aMassachutsetts (Reading) : _bAddison-Wesley longman ; _cc1998. |
||
| 300 |
_axxv, 747p. : _bill. ; _c24cm. |
||
| 500 | _aIncludes index. | ||
| 650 | _aBusiness mathematics. | ||
| 700 | _aMiller, Charles D. | ||
| 700 | _aClendenen, Gary | ||
| 942 |
_2lcc _cBOOKS _hHF 5691 .S26 1998 _02 |
||
| 999 |
_c14120 _d14120 |
||